| 000 | 00706nam a22002417a 4500 | ||
|---|---|---|---|
| 003 | dpl | ||
| 005 | 20170324145100.0 | ||
| 008 | 170324b xxu||||| |||| 00| 0 eng d | ||
| 010 | _aA-062421 | ||
| 020 | _c00.00 | ||
| 035 | _aA-062421 | ||
| 037 | _bCen Lib/Ret | ||
| 040 |
_aDPL _bEN _c0 |
||
| 082 |
_a371.36 _bMON |
||
| 100 |
_aMontessori, Maria _917477 |
||
| 245 |
_aThe montessori method / _cby Maria Montessori |
||
| 260 |
_aNew York _bSchocken books _c1971 |
||
| 270 | _bNew York | ||
| 300 |
_axxxix,376p. _c19cm(Hb) |
||
| 650 |
_aMontessori method of education--Data processing _973886 |
||
| 650 |
_aMontessori method of education _917478 |
||
| 942 |
_2ddc _cEN _h371.36 _mMON |
||
| 999 |
_c126418 _d126418 |
||